00222 a2200085 4500020001500000082001000015100004900025245005400074250000800128 a0201916690 a338.5 aEkelund, Robert B., Jr; Tollison, Robert D. aMicroeconomicsbPrivate Markets and Public Choice a5th